000 00817nam a22002777a 4500
001 BR0901842
003 BR-BrBNA
005 20230928102905.0
007 ta
008 230509b bl.||||| |||| 00| 0 por d
040 _aBR-BrBNA
_bpor
_cBiblioteca Nacional de Agricultura
041 _a(Por)
072 _aE40; C20
090 _ E40 BR0901842
110 1 _aSindicato e Organização das Cooperativas do Estado do Paraná, Curitiba (Brasil)
_99536
245 1 _aA turma da cooperação; o cooperativismo no Paraná
250 1 _aed. especial
260 3 _aCuritiba, PR (Brasil):
_c2006.
300 _a56 p.
650 _aCOOPERATIVA
650 _aDESENVOLVIMENTO COOPERATIVISTA
650 _aEXTENSÃO RURAL
650 _aEDUCAÇÃO COOPERATIVA
909 _a202309
_bLucia
_c55
_dLucia Elande
942 _cBK
999 _c72869
_d72869